Aid effectiveness in the health sector progress and lessons

Salvato in:
Dettagli Bibliografici
Natura: Libro
Lingua:inglese
Pubblicazione: Paris OECD 2012
Serie:Better aid
Soggetti:
Tags: Aggiungi Tag
Nessun Tag, puoi essere il primo ad aggiungerne!!

MARC

LEADER 00000nam a2200000 4500
001 0175115
005 20240315120344.9
020 |a 978-92-64-13068-5 
041 0 |a eng 
044 |a FR 
245 1 0 |a Aid effectiveness in the health sector  |b progress and lessons 
264 1 |a Paris  |b OECD  |c 2012 
300 |a 88 s. 
490 1 |a Better aid 
830 0 |a Better aid 
610 2 0 |a krajiny rozvojové 
610 2 0 |a zdravotníctvo 
610 2 0 |a rozvoj hospodársky 
610 2 0 |a pomoc medzinárodná 
610 2 0 |a efektívnosť